000 00352nam a2200133Ia 4500
008 220217s9999||||xx |||||||||||||| ||und||
020 _a81-7808-458-9
082 _a658 HUM
100 _aHumphrey, Watts, S
_92909
245 0 _aManaging technical people
260 _aPearson education
_bNew Delhi
_c2003
300 _b295
650 _aMANAGEMENT
999 _c170703
_d170703